| 000 | 00611nam a2200169 a 4500 | ||
|---|---|---|---|
| 008 | 120206s2009 ||||||||||||||||| || u | ||
| 020 | _a9780390958402 | ||
| 050 | _aTJ 265 The | ||
| 110 | _aMcGraw-Hill Custom Publishing | ||
| 245 | 1 | 0 | _aThermodynamics: an engineering approach (SI Units) |
| 260 |
_aGlasgow: _bMcGraw-Hill _c2009 |
||
| 300 | _axxii, 488p.: ill. | ||
| 350 | _a0.00 | ||
| 650 | _aENGINEERING | ||
| 650 | _aTHERMODYNAMICS | ||
| 995 |
_D0.00 _FCBU-MAIN LIBRARY (Kitwe) _H1 _I0.00 _M1 _UAVAILABLE _WMar 27, 2012 _ZMain Library Open Access Collection |
||
| 999 |
_c59818 _d59818 |
||